| 000 | 00765nam a2200301Ia 4500 | ||
|---|---|---|---|
| 008 | 160803s9999 xx 000 0 und d | ||
| 020 | _a054519749X | ||
| 100 | _aYee, Lisa | ||
| 245 | _aBobby vs. girls (accidentally) / | ||
| 245 | _cLisa Yee ; illustrated by Dan Santat. | ||
| 260 | _aNew York : | ||
| 260 | _bScholastic Inc. | ||
| 260 | _c2009 | ||
| 300 | _a170 pages : | ||
| 300 | _billustrations ; | ||
| 300 | _c20 cm | ||
| 650 | _aBest friends -- | ||
| 650 | _aCalifornia -- | ||
| 650 | _aFriendship -- | ||
| 650 | _aFriendship -- | ||
| 650 | _aSchools -- | ||
| 650 | _xFiction. | ||
| 650 | _xJuvenile fiction. | ||
| 650 | _xJuvenile fiction. | ||
| 650 | _xJuvenile fiction. | ||
| 650 | _xJuvenile fiction. | ||
| 700 | _a650 | ||
| 999 |
_c299856 _d299856 |
||